Kockázatelemzés a Kereskedelmi és Hitelbanknál

Elmentve itt :
Bibliográfiai részletek
Szerző: Szász Magdolna
További közreműködők: Schneider Klára (Témavezető)
Dokumentumtípus: Szakdolgozat
Megjelent: 1999
Tárgyszavak:
Online Access:http://diploma.bibl.u-szeged.hu/25208
LEADER 00564nta a2200157 i 4500
001 dipl25208
005 20130314083240.0
008 110907s1999 hu om 0|| zxx d
040 |a SZTE Diploma Repozitórium  |b hun 
041 |a zxx 
100 1 |a Szász Magdolna 
245 1 0 |a Kockázatelemzés a Kereskedelmi és Hitelbanknál  |h [elektronikus dokumentum] /  |c Magdolna Szász 
260 |c 1999 
650 4 |a Jogi és igazgatási tanulmányok 
700 1 |a Schneider Klára  |e ths 
856 4 0 |u http://diploma.bibl.u-szeged.hu/id/eprint/25208/1/1999_szasz_magdolna.pdf  |z Dokumentum-elérés